Silo, areál Palma, Bratislava
Saved in:
| Main Author: | |
|---|---|
| Other Authors: | |
| Format: | Manuscript Book |
| Language: | Slovak |
| Published: |
Bratislava
2023
|
| Subjects: | |
| Online Access: | http://is.stuba.sk/zp/portal_zp.pl?podrobnosti=169955 |
| Tags: |
No Tags, Be the first to tag this record!
|
MARC
| LEADER | 00000ntm a22000003a 4500 | ||
|---|---|---|---|
| 001 | stuzp93810 | ||
| 003 | SK-STU | ||
| 005 | 20231006120937.5 | ||
| 007 | ta | ||
| 008 | 150427s2015----xo-----f-mn---000-0-slo-d | ||
| 040 | |a STU |b slo | ||
| 041 | 0 | |a slo | |
| 100 | 1 | |a Hostačná, Lujza |u 058180 |4 aut |U FAD Fakulta architektúry a dizajnu |T FAD Ústav architektúry občianskych budov |X 88389 |U A8180 |Y 399 |7 88389 | |
| 242 | 0 | 1 | |a Silo, Palma area, Bratislava |y eng |
| 245 | 1 | 0 | |a Silo, areál Palma, Bratislava |
| 260 | |c 2023 |a Bratislava | ||
| 650 | 4 | |a konverzia |2 slo | |
| 650 | 4 | |a akupunktúra periférie |2 slo | |
| 650 | 4 | |a silo |2 slo | |
| 650 | 4 | |a periféria |2 slo | |
| 650 | 4 | |a palma |2 slo | |
| 650 | 4 | |a recyklácia |2 slo | |
| 650 | 4 | |a periphery acupuncture |2 eng | |
| 650 | 4 | |a silo |2 eng | |
| 650 | 4 | |a conversion |2 eng | |
| 650 | 4 | |a periphery |2 eng | |
| 650 | 4 | |a palma |2 eng | |
| 650 | 4 | |a reuse |2 eng | |
| 700 | 1 | |a Žitňanský, Márius |u 058180 |k Z7 |4 ths |U FAD Fakulta architektúry a dizajnu |T FAD Ústav architektúry občianskych budov |X 439 |U A8180 |Y 399 |7 A000000439 | |
| 856 | 4 | |u http://is.stuba.sk/zp/portal_zp.pl?podrobnosti=169955 |u https://opac.crzp.sk/?fn=detailBiblioForm&sid=0A15AC6E5E2ED0F3D1DCC7342BCF | |